Statistics for Guess the Country by their Domain Name #1

Click here to take the quiz!

General Stats

  • This quiz has been taken 43 times
    (42 since last reset)
  • The average score is 13 of 24

Answer Stats

DomainCountry% Correct
.czCzech Republic
95%
.kzKazakhstan
92%
.afAfghanistan
90%
.azAzerbaijan
85%
.grGreece
82%
.ruRussia
74%
.sySyria
72%
.rwRwanda
69%
.bwBotswana
67%
.kiKiribati
67%
.chSwitzerland
62%
.veVenezuela
62%
.vnVietnam
54%
.lyLibya
51%
.etEthiopia
46%
.nrNauru
46%
.naNamibia
44%
.szEswatini
41%
.ttTrinidad and Tobago
33%
.tdChad
26%
.pwPalau
21%
.mhMarshall Islands
15%
.srSuriname
13%
.thTunisia
8%

Score Distribution

Percentile by Number Answered

Percent of People with Each Score

Your Score History

You have not taken this quiz since the last reset